লোডিং...
Mrinmayi
| প্রধান লেখক: | |
|---|---|
| বিন্যাস: | Printed Book |
| প্রকাশিত: |
Thrissur, Current
1996
|
| LEADER | 003500000a22001210004500 | ||
|---|---|---|---|
| 040 | |a MAL | ||
| 082 | |a A1 DEV2/M N5 | ||
| 100 | |a Devi | ||
| 245 | |a Mrinmayi | ||
| 260 | |a Thrissur, Current | ||
| 260 | |c 1996 | ||
| 999 | |c 19604 |d 19604 | ||
| 952 | |0 0 |1 0 |4 0 |6 A_000000000000000_1_DEV2M_N5 |7 0 |8 MAL |9 19419 |a MGUL |b MGUL |d 2013-07-16 |l 0 |o A1 DEV2/M N5 |p 24385 |r 2013-07-16 |w 2013-07-16 |y BK | ||